Structural steelwork design to BS 5950 (Record no. 58699)

MARC details
000 -LEADER
fixed length control field 00581nam a2200205 a 4500
003 - CONTROL NUMBER IDENTIFIER
control field CBULib
005 - DATE AND TIME OF LATEST TRANSACTION
control field 20240830071307.0
008 - FIXED-LENGTH DATA ELEMENTS--GENERAL INFORMATION
fixed length control field 120416s0000 ||||||||||||||||| || u
020 ## - INTERNATIONAL STANDARD BOOK NUMBER
International Standard Book Number 0582023572
040 ## - CATALOGING SOURCE
Transcribing agency CBU
Language of cataloging English
Description conventions rda
050 ## - LIBRARY OF CONGRESS CALL NUMBER
Classification number TA 684 Mor
100 ## - MAIN ENTRY--PERSONAL NAME
Personal name Morris, L. J
245 10 - TITLE STATEMENT
Title Structural steelwork design to BS 5950
260 ## - PUBLICATION, DISTRIBUTION, ETC. (IMPRINT)
Place of publication, distribution, etc Burnt Hill, Harlow
Name of publisher, distributor, etc Longman
Date of publication, distribution, etc 1988
336 ## - CONTENT TYPE
Source rdacontent
Content type term Text |
337 ## - MEDIA TYPE
Source rdamedia
Media type term Unmediated |
338 ## - CARRIER TYPE
Source rdacarrier
Carrier type term Volume
942 ## - ADDED ENTRY ELEMENTS (KOHA)
Source of classification or shelving scheme
Koha item type MONOGRAPH
Holdings
Withdrawn status Lost status Source of classification or shelving scheme Damaged status Not for loan Permanent Location Current Location Date acquired Full call number Barcode Date last seen Price effective from Koha item type
  Lost and Paid For       CBU-MAIN LIBRARY, KITWE. CBU-MAIN LIBRARY, KITWE. 11/30/2022 TA 684 Mor 028578 11/30/2022 11/30/2022 MONOGRAPH